Biblioteca ESET

Pensar Malvinas : | una selección de fuentes documentales, testimoniales, ficcionales y fotográficas para trabajar en el aula. (Registro nro. 889)

Detalles MARC
000 -CABECERA
fixed length control field 02492aam a2200409 a 4500
001 - NUMERO DE CONTROL
control field 000905772
003 - CONTROL NUMBER IDENTIFIER
control field AR-BeUNQ
005 - FECHA Y HORA DE LA ULTIMA TRANSACCION
control field 20241217162044.0
007 - CAMPO FIJO DE DESCRIPCION FIJA - INFORMACION GENERAL
fixed length control field ta
008 - ELEMENTOS DE LONGITUD FIJA-INFORMACION GENERAL
fixed length control field 230918s2014 ag o gr f001 0 spa
015 ## - NATIONAL BIBLIOGRAPHY NUMBER
National bibliography number AR-2010
020 ## - NUMERO INTERNACIONAL NORMALIZADO PARA LIBROS
Número Internacional Normalizado del libro 9789500010092
040 ## - FUENTE DE CATALOGACION
Agencia de catalogación original AR-BaBN
Idioma de catalogación ESPAÑOL
Agencia que realiza la transcripción AR-BaBN
Convenciones de la descripción aacr
043 ## - GEOGRAPHIC AREA CODE
Geographic area code s-ag---
044 ## - COUNTRY OF PUBLISHING/PRODUCING ENTITY CODE
MARC country code ag
ISO country code ar-c
082 ## - NUMERO DE CLASIFICACION DECIMAL DEWEYMBER
Número de clasificación 371.1
Número de la edición 21
245 00 - MENCION DE TITULO
Título Pensar Malvinas :
Otra información sobre el título una selección de fuentes documentales, testimoniales, ficcionales y fotográficas para trabajar en el aula.
250 ## - MENCION DE EDICION
Mención de edición 3a ed.
260 ## - PUBLICACION, DISTRIBUCION, ETC.
Lugar de publicación, distribución, etc. Buenos Aires :
Nombre del editor, distribuidor, etc. Ministerio de Educación de la Nación,
Fecha de publicación, distribución, etc 2014.
300 ## - DESCRIPCION FISICA
Extensión 249 p. :
Otros detalles físicos fot. col. y byn ;
Dimensiones 20 x 28 cm.
490 1# - MENCION DE SERIE
Mención de serie Educación y Memoria (Ministerio de Educación de la Nación)
504 ## - NOTA DE BIBLIOGRAFIA, ETC.
Nota de bibliografía, etc. Bibliografía sugerida: p. 243-249.
505 1# - NOTA DE CONTENIDO
Nota de contenido con formato preestablecido 1.La soberanía. ¿Por qué las Malvinas son argentinas?. Los argumentos históricos, jurídicos y geográficos -- 2. Malvinas en la historia nacional -- 3. 1982 : la guerra -- 4. Memorias de la guerra -- 5. Representaciones -- 6. Los trabajos de los IFD : la voz de los estudiantes -- La escuela y las causas nacionales.
520 1# - NOTA DE RESUMEN, ETC
Nota de resumen, etc. “Se trata de un libro que contiene una importante cantidad de fuentes documentales, testimoniales, ficcionales y fotográficas para trabajar el tema. Fue pensado para la escuela secundaria e Institutos de Formación Docente. La diversidad del abordaje y de la selección de las fuentes permite que sea utilizado en diferentes asignaturas. El material está organizado en seis capítulos, estructurado en tres momentos: una introducción para construir los problemas de cada uno de los ejes y con elementos para ayuda a 'leer' las fuentes; una selección de fuentes; una guía de actividades para el aula.”
Assigning source (Descripción del editor)
521 1# - NOTA DE AUDIENCIA
Nota de audiencia Para docentes de las escuelas secundarias.
650 #4 - ASIENTO SECUNDARIO DE MATERIA - TERMINO TEMATICO
Término temático o nombre geográfico como elemento de entrada Guerra de Malvinas
Fuente del encabezamiento o términ tha
650 #4 - ASIENTO SECUNDARIO DE MATERIA - TERMINO TEMATICO
Término temático o nombre geográfico como elemento de entrada Historia argentina
Fuente del encabezamiento o términ tha
651 ## - ASIENTO SECUNDARIO DE MATERIA - NOMBRE GEOGRAFICO
Nombre geográfico Islas Malvinas
Fuente del encabezamiento o término spines
653 ## - TERMINO DE INDIZACION - NO CONTROLADO
Término de indización no controlado Soberanía
653 ## - TERMINO DE INDIZACION - NO CONTROLADO
Término de indización no controlado Formación docente
710 1# - ASIENTO SECUNDARIO - NOMBRE CORPORATIVO
Nombre corporativo o de jurisdicción como elemento de entradantry element Argentina.
Unidad subordinada Ministerio de Educación
Relator term entidad responsable
Relationship isb
830 #0 - ASIENTO SECUNDARIO DE SERIE--TITULO UNIFORME
Título uniforme Educación y Memoria (Ministerio de Educación de la Nación)
929 ## - DATOS DE ADQUISICION
Procedencia DONACION
Proveedor Ministerio de Educación de la Nación
Precio 200,00
Fecha de recibido 2016
Patrimonio UNQ PAT0080465
Es copia 1
Número de inventario 60678
929 ## - DATOS DE ADQUISICION
Procedencia DONACION
Proveedor Ministerio de Educación de la Nación
Fecha de recibido 2019
Patrimonio UNQ PAT0082130
Es copia 2
Número de inventario 61919
929 ## - DATOS DE ADQUISICION
Procedencia DONACION
Proveedor Ministerio de Educación de la Nación
Fecha de recibido 2019
Patrimonio UNQ PAT0082131
Es copia 3
Número de inventario 61917
942 ## - ELEMENTOS DE PUNTO DE ACCESO ADICIONAL (KOHA)
Tipo de ítem Koha Libros
Existencias
Estado de retiro Estado de pérdida Ubicación permanente Ubicación actual Ubicación en estantería Fecha de ingreso Total Checkouts Signatura topográfica completa Inventario Date last seen Número de copia Tipo de ítem Koha Operador
    Biblioteca ESET - UNQ Biblioteca ESET - UNQ SALA 18/09/2023   371.1 PEN 60678 18/09/2023 1 Libros GS
    Biblioteca ESET - UNQ Biblioteca ESET - UNQ CIRCULACION 17/12/2024   371.1 PEN 61916 17/12/2024 2 Libros  
    Biblioteca ESET - UNQ Biblioteca ESET - UNQ CIRCULACION 17/12/2024   371.1 PEN 61917 17/12/2024 3 Libros Paula Ramos

ESET UNQ

☏ 4365-7188
 Avenida República de Francia 1714 entre Doctor Kenny y Concordia, Ezpeleta, Bs As.
✉ secretaria_eset@unq.edu.ar

Con tecnología Koha